Bad Blood - Taylor Swift, Kendrick Lamar (All Lyrics) - Statistics

General Stats
  • This quiz has been taken 364 times
  • The average score is 335 of 487
Answer Stats
Answer % Correct
bad
99%
blood
98%
go
98%
we
98%
you
96%
You
96%
I
95%
no
95%
a
94%
got
94%
now
90%
Now
90%
baby
89%
so
88%
to
86%
and
83%
be
83%
it
83%
'cause
82%
'Cause
82%
'Cause
82%
the
82%
love
79%
we've
79%
don't
78%
what
78%
mad
77%
know
76%
use
76%
look
75%
can
74%
take
74%
used
74%
you've
74%
done
73%
think
73%
hey!
70%
hey
70%
solve
65%
problems
64%
that?
64%
that
64%
for
59%
it's
59%
good
58%
but
57%
like
57%
time
56%
at
55%
me
55%
where
55%
made
54%
Oh
54%
really
54%
when
54%
just
53%
about
52%
deep
52%
sad
52%
times
52%
with
52%
cut
51%
if
51%
say
51%
bullet
50%
'em
49%
holes
49%
live
49%
fix
48%
show
48%
Band-Aids
47%
sorry
47%
can't
45%
back
44%
My
44%
my
44%
of
44%
I'm
43%
ghosts
41%
in
39%
was
39%
hate
37%
let
36%
never
36%
remember
35%
Remember
35%
remember?
35%
runs
34%
ID
32%
I'd
32%
all
31%
hear
30%
forget
29%
forgive
29%
cold
28%
more
28%
off?
28%
overrate
28%
would
28%
scars
26%
thought
26%
critique
25%
these
24%
gotta
23%
need
23%
OD
22%
tried
22%
facts
21%
money
21%
POV
21%
replace
20%
wounds
20%
ah!
19%
amnesia
19%
write
19%
battle
18%
fear
18%
heart
18%
Iraq
18%
life
18%
OG
18%
similar
18%
still
18%
ya
18%
beats
17%
D.O.C.
17%
erase
17%
loss
17%
wait
17%
better
16%
dark
16%
procedure
16%
body
15%
follow
15%
quite
15%
respect
15%
season
15%
ain't
14%
stabbed
14%
through
14%
bruised
13%
TLC
13%
basslines
12%
fire
12%
power
12%
sincere
11%
yet
11%
brimstone
10%
bumped
10%
jumping
10%
No matching quizzes found
Score Distribution
Percent of People with Each Score
Percentile by Number Answered
Your Score History
You have not taken this quiz